1202 1136 1477 1030 1990 1197 1030 1594 1457 1331 1984 1650 1234 1930 1718 1394 1637 1780 1613 1473 1088 1026 1468 1768 1204 1267 1699 1312 1871 1462 1076 1510 1387 1828 1100 1602 1970 1308 1249 1362 1174 1642 1546 1807 1196 1005 1125 1986 1805 1512 1112 1094 1744 1519 1479 1446 1511 1527 1042 1474 1603 1511 1995 1241 1309 1705 1869 1504 1202 1604 1905 1334 1138 1473 1195 1420 1426 1528 1428 1219 1523 1159 1724 1003 1687 1606 1657 1008 1802 1977 1428 1797 1328 1273 1093 1495 1417 1008 1318 BCNSPRNW ULIB Ver.6.0+V

เปลี่ยนเป็นภาษาไทย

Change to English
 แสดงรายละเอียดบรรณานุกรม
  กลับหน้าหลัก

Brief Record : Get Marc (ISO 2709) : E-mail record : QR code < ปิดหน้าต่าง
LEADER : 00000nam 2200000uu 4500
001    13399129026
003     ULIB
008    250516s2566||||th 000 0 tha d
020    ^a9786164438644
060  4 ^aWY32.JT3^bส961ก
100 0  ^aแสงทอง ธีระทองคำ.
245 1  ^aกฎหมายสำหรับพยาบาล =^bLaw for nurses /^cแสงทอง ธีระทองคำ, ไสว นรสาร.
246 3  ^aLaw for nurses
250    ^aฉบับเรียบเรียงครั้งที่ 3 (พิมพ์ครั้งที่ 1).
250    ^aฉบับเรียบเรียงครั้งที่ 3.
250    ^aพิมพ์ครั้งที่ 1.
260    ^aกรุงเทพฯ :^bสำนักพิมพ์รามาธิบดี คณะแพทยศาสตร์โรงพยาบาลรามาธิบดี,^c2566.
300    ^ax, 426 หน้า ;^c26 ซม
505 2  ^aความรู้ทั่วไปเกี่ยวกับกฎหมาย -- ความรับผิดทางอาญากับการปฏิบัติการพยาบาล -- ความรับผิดฐานประมาทในการปฏิบัติการพยาบาล -- ความรับผิดทางแพ่งกับการปฏิบัติการพยาบาล -- พระราชบัญญัติวิชาชีพการพยาบาลและการผดุงครรภ์ -- ความรับผิดทางการพยาบาลตามกฎหมายวิชาชีพการพยาบาลและการผดุงครรภ์ -- กฎหมายการแพทย์และสาธารณสุขกับการปฏิบัติการพยาบาล -- คลินิกการพยาบาลและการผดุงครรภ์กับกฎหมายที่เกี่ยวข้อง -- สิทธิผู้ป่วย : ประเด็นทางกฎหมายและแนวทางการปฏิบัติสำหรับพยาบาล -- จริยธรรมกับการปฏิบัติการพยาบาลและการผดุงครรภ์ -- พยาบาลกับความรู้เรื่องทรัพย์สินทางปัญญาและการคุ้มครอง -- การปฏิบัติการพยาบาลกับงานด้านนิติเวชศาสตร์.
505 2  ^aความรู้เบื้องต้นเกี่ยวกับกฎหมาย -- ความรับผิดทางอาญากับการปฏิบัติการพยาบาล -- ความรับผิดฐานประมาทในการปฏิบัติการพยาบาล -- ความรับผิดทางแพ่งกับการปฏิบัติการพยาบาล -- พระราชบัญญัติวิชาชีพการพยาบาลและการผดุงครรภ์ -- ความรับผิดทางการพยาบาลตามกฎหมายวิชาชีพการพยาบาลและการผดุงครรภ์ -- กฎหมายการแพทย์และสาธารณสุขกับการปฏิบัติการพยาบาล -- คลินิกการพยาบาลและการผดุงครรภ์กับกฎหมายที่เกี่ยวข้อง -- สิทธิผู้ป่วย : ประเด็นทางกฎหมายและแนวทางการปฏิบัติสำหรับพยาบาล -- จริยธรรมกับการปฏิบัติการพยาบาลและการผดุงครรภ์ -- พยาบาลกับความรู้เรื่องทรัพย์สินทางปัญญาและการคุ้มครอง -- การปฏิบัติการพยาบาลกับนิติเวชศาสตร์
650  2 ^aEthics, Nursing
650  2 ^aJurisprudence
650  2 ^aLegislation, Nursing
650  4 ^aNursing^xกฎหมายและระเบียบข้อบังคับ
650  4 ^aกฎหมายทางการแพทย์.
650  4 ^aกฎหมายทางการแพทย์^zไทย
650  4 ^aการพยาบาล^vกฎหมายและระเบียบข้อบังคับ
650  4 ^aการพยาบาล^xกฎหมายและระเบียบข้อบังคับ
650  4 ^aการแพทย์^xกฎหมายและระเบียบข้อบังคับ
650  4 ^aจรรยาบรรณพยาบาล.
650  4 ^aพยาบาล^xกฎหมายและระเบียบข้อบังคับ
650  4 ^aพยาบาล^xกฎหมายและระเบียบข้อบังคับ^zไทย
650  7 ^aพยาบาล^xทุรเวชปฏิบัติ
650  7 ^aพยาบาลผดุงครรภ์^xสถานภาพทางกฎหมาย
655  4 ^aHealth sciences branch.
700 0  ^aไสว นรสาร.
945    ^p370^l0^i30498
945    ^p370^l0^i30499
945    ^p370^l0^i30500
945    ^p370^l0^i30501
945    ^p370^l0^i30502
999    ^aกัณชพร จุลอักษร
รายการนี้ยังไม่มีแท็ก
คุณยังไม่ได้ล็อกอิน คุณสามารถมีกิจกรรมร่วมกับเว็บไซต์ได้ แต่ต้องล็อกอินก่อน ::
  ล็อกอิน

รายการสื่อสารสนเทศ

ลำดับที่ ประเภท เลขเรียก/บาร์โค้ด สถานที่ สถานะ
1. หนังสือสำรอง
หนังสือสำรอง
WY32.JT3 ส961ก ฉ.1 
  Barcode: 30498
ห้องสมุดวิทยาเขตนครสวรรค์
►หนังสือทั่วไป:l:General Books
บนชั้น
2. วิทยาศาสตร์การแพทย์ และสุขภาพ
วิทยาศาสตร์การแพทย์ และสุขภาพ
WY32.JT3 ส961ก ฉ.2 
  Barcode: 30499
ห้องสมุดวิทยาเขตนครสวรรค์
►หนังสือทั่วไป:l:General Books
บนชั้น
3. วิทยาศาสตร์การแพทย์ และสุขภาพ
วิทยาศาสตร์การแพทย์ และสุขภาพ
WY32.JT3 ส961ก ฉ.3 
  Barcode: 30500
ห้องสมุดวิทยาเขตนครสวรรค์
►หนังสือทั่วไป:l:General Books
บนชั้น
4. วิทยาศาสตร์การแพทย์ และสุขภาพ
วิทยาศาสตร์การแพทย์ และสุขภาพ
WY32.JT3 ส961ก ฉ.4 
  Barcode: 30501
ห้องสมุดวิทยาเขตนครสวรรค์
►หนังสือทั่วไป:l:General Books
บนชั้น
5. วิทยาศาสตร์การแพทย์ และสุขภาพ
วิทยาศาสตร์การแพทย์ และสุขภาพ
WY32.JT3 ส961ก ฉ.5 
  Barcode: 30502
ห้องสมุดวิทยาเขตนครสวรรค์
►หนังสือทั่วไป:l:General Books
บนชั้น

รายการใกล้เคียง
    ผู้แต่ง [แสงทอง ธีระทองคำ.]

    หัวเรื่อง [Ethics, Nursing]
    หัวเรื่อง [Jurisprudence]
    หัวเรื่อง [Legislation, Nursing]
    หัวเรื่อง [กฎหมายทางการแพทย์.]
    หัวเรื่อง [การพยาบาล กฎหมายและระเบียบข้อบังคับ]
    หัวเรื่อง [การพยาบาล กฎหมายและระเบียบข้อบังคับ]
    หัวเรื่อง [จรรยาบรรณพยาบาล.]
    หัวเรื่อง [พยาบาล กฎหมายและระเบียบข้อบังคับ]

BibComment


ยังไม่เคยถูกคอมเมนท์

คอมเมนท์ทรัพยากรรายการนี้
  คอมเมนท์: กฎหมายสำหรับพยาบ..


 Copyright 2026. Bcnsprnw @Library